Statistics for Capital City Pairs by Clue

Click here to take the quiz!

General Stats

  • This quiz has been taken 24 times
  • The average score is 13 of 20

Answer Stats

These Capital Cities Are...Cities% Correct
Both capitals of BoliviaLa Paz
90%
In the British IslesLondon
86%
Both capitals of BoliviaSucre
86%
In the British IslesDublin
81%
In the Caribbean, and both start with "Port"Port-au-Prince
81%
In the Horn of Africa, and both start with AAddis Ababa
76%
In West Africa, and both start with AAccra
71%
On opposite banks of the Congo RiverKinshasa
71%
In the Caribbean, and both start with "Port"Port-of-Spain
71%
In West Africa, and both start with AAbuja
67%
On opposite banks of the Congo RiverBrazzaville
67%
In the Horn of Africa, and both start with AAsmara
62%
The only ones that start with FFunafuti
62%
In neighboring countries, and both start with LULuanda
62%
In neighboring countries, and both start with LULusaka
62%
In neighboring countries, and both have an elevation over 2,500mBogotá
43%
The only ones that start with FFreetown
43%
In neighboring countries, and both have an elevation over 2,500mQuito
43%
In neighboring countries, and both start with BUBucharest
38%
In neighboring countries, and both start with BUBudapest
38%

Score Distribution

Percentile by Number Answered

Percent of People with Each Score

Your Score History

You have not taken this quiz